| 000 | 00768nam a22002297a 4500 | ||
|---|---|---|---|
| 010 | _aBAC-EN21 ENG-111725 | ||
| 020 |
_a9788121905992 _c550.00 |
||
| 020 |
_a8121905990 _c550.00 |
||
| 035 | _aEN-95257 | ||
| 035 | _aB-592129-152 | ||
| 037 |
_bUBH/ven _adpl |
||
| 037 | _bDBAD/PUB | ||
| 082 | _a531 | ||
| 100 | _aMathur, D.S. | ||
| 245 |
_aMechanics : _cby D.S. Mathur ; revised by P.S. Hemne _bfor students of B.Sc. (Pass and Hons.) / |
||
| 260 |
_aNew Delhi _bS. Chand _c2014(repr.) |
||
| 270 |
_a7361, Ram Nagar, _bNew Delhi _e110055 |
||
| 300 |
_axiii, 834p. : _c24cm(pbk) _bill. |
||
| 700 | _aHemne, P.S. | ||
| 942 |
_2ddc _cEN _mMAT _h531 |
||
| 999 |
_c89038 _d89038 |
||